| 000 | 01232cam a22002054a 4500 | ||
|---|---|---|---|
| 005 | 20250605164126.0 | ||
| 008 | 250528s ||||||||||||||||||||||||d | ||
| 035 | _a18465 | ||
| 020 | _a9600209944 | ||
| 040 |
_aGR-AtMCL _bgre _dGR-AtMCL _eAACR2 |
||
| 245 | 1 | _aΕυρωπαϊκή Ένωση / Θεσμοί και Πολιτικές | |
| 250 | _a4η | ||
| 260 |
_bΠαπαζήση, _c1995 |
||
| 300 | _a624 | ||
| 520 | _aΤο μόνο βιβλίο που παρουσιάζει μια ολοκληρωμένη ανάλυση όλων των κοινοτικών πολιτικών. Εισαγωγή, Τελωνιακή Ένωση, Κοινή Αγορά, Οικονομική και Νομισματική Ένωση, Περιφερειακή Ανάπτυξη, Κοινωνική Πρόοδος, Φορολογία, Ανταγωνισμός, Περιβάλλον, Βιομηχανία, Έρευνα, Ενέργεια, Μεταφορές, Γεωργία, Αλιεία, Η Κοινότητα και ο Πολίτης, Η Ευρωπαϊκή Ένωση στον Κόσμο, Απολογισμός και Προοπτικές. | ||
| 700 | 1 |
_aΜούσης Νίκος Σ _94724 |
|
| 942 | _cBK | ||
| 999 |
_c3826 _d3826 |
||